000 00504nam a2200181Ia 4500
008 240925s9999 xx 000 0 und d
020 _a9789332549357
082 _a519.402855369 MAT
100 _aMathews, John H.; Fink, Kurtis D.
245 0 _aNumerical Methods Using MATLAB
250 _a4th
260 _aNew Delhi:
_bPearson Education
_c,2004.
300 _a626p.
_bN.A
_fOriginal
500 _aIncludes Index
600 _aHumanities & Natural Science
650 _aMathematics
942 _cBK
999 _c13366
_d13366